Quizzes
Events
Quiz Creation
Community
Videos
Private Events
Remove Ads
Sign In
Join for FREE
Feedback
Dark Mode
Quiz Categories
Sports
Geography
Music
Movies
Television
Just For Fun
Miscellaneous
History
Literature
Language
Science
Gaming
Entertainment
Religion
Holiday
For Kids
Quiz Lab
Recent
Popular Today
Quiz Kudos Today
Editor Picks
Curator Picks
Quizzes by...
Day
Popularity
Type
Ratings
Length
Year
Community
Subscriptions
Recent Discussions
Orange Saloon
Badges
Playlists
Quests
Create
Leaderboards
Showdown
Live 5
Trivia Bingo
Activity
Puzzle Library
Sporcle Events
Private Events
Virtual Trivia
Globe League
Become a Host
Pub Owners
SporcleCon
Opinionation
Our Games
Videos
Blog
Mobile Apps
Partnerships
Remove Ads and Go Orange
Feedback
Music
Pop Music
The Beatles
Song
Album
Lyrics
Bands
Singers
Artist
Clip
Rock
Rap
Classical
Billboard
Country Music
Kpop
Taylor Swift
Music
Pop Music
The Beatles
Song
Album
Lyrics
Bands
Singers
Artist
Clip
Rock
Rap
Classical
Billboard
Country Music
Kpop
Taylor Swift
Random Quiz
Search Sporcle
×
Quiz Lab
Quiz Lab
Music
Song
Type in answers that appear in a list
Type in answers that appear in a list
Classic
Best Score? Go Orange.
Metallica Quiz (Music Clips) Stats
Can you name the Metallica song that each music clip is from?
By
muzykalscorpio
10m
20 Questions
580 Plays
580 Plays
580 Plays
Comments
Comments
Give Quiz Kudos
Give Quiz Kudos
-
- Ratings
hide this ad
Forced Order
Answers have to be entered in order
Answers have to be entered in order
Replay
Link that replays current quiz
Next Quiz
Link to next quiz in quiz playlist
You Got
0%
They Got
Avg Score
70%
Avg Friend Score
Upgrade to see
Score Distribution
Jump to the score distribution portion of the page
Score
0/20
Timer
10:00
0
Plays Today
Time
Song
% Correct
0:00 -
0:15
The Unforgiven II
90.7%
0:45 -
1:00
Sad But True
90.5%
3:15 -
3:30
Master Of Puppets
88.8%
3:45 -
4:00
One
86.9%
0:15 -
0:30
Battery
85.8%
3:00 -
3:15
Fuel
83.4%
4:30 -
4:45
Fade To Black
81.2%
2:30 -
2:45
Wherever I May Roam
81%
1:30 -
1:45
Creeping Death
77.9%
1:15 -
1:30
King Nothing
72%
Time
Song
% Correct
2:45 -
3:00
The Four Horsemen
69.3%
1:00 -
1:15
(Anesthesia) - Pulling Teeth
68.6%
2:15 -
2:30
The Day That Never Comes
66.8%
3:30 -
3:45
Frantic
63.6%
1:45 -
2:00
No Leaf Clover
60.3%
2:00 -
2:15
The Shortest Straw
59.1%
4:15 -
4:30
Hero Of The Day
53.5%
4:00 -
4:15
All Nightmare Long
52%
0:30 -
0:45
The Unnamed Feeling
40.8%
4:45 -
5:00
-Human
38.9%
Quiz Playlist
Details
Report
Send in Message
Add To Playlist
Classic:
Type in answers that appear in a list
Forced Order:
Answers have to be entered in order
Last Updated: Feb 16, 2017
Quiz Scoreboard
CHALLENGE
Sign Up to Join the Scoreboard
Show All
Scores
Hide
Comments
May contain spoilers
Recently Published
Billboard Blitz: Fleetwood Mac
by CooCooCachoo
Music
15s
Presidents Visiting Landmarks
by Hejman
History
7m
An Introduction to Baseball
by treessimontrees
Sports
5m
More to Explore
Quiz From the Vault
Featured Blog Post
Where Did the Easter Bunny Come From?
hide this ad
You Might Also Like...
Tags
Clip Quiz
Song Quiz
metallica
Today's Top Quizzes in Music
Browse Music
hide this ad
Today's Top Quizzes in Song
Browse Song
Top Contributed Quizzes in Music
1
Taylor Swift All Songs (2024)
2
Guess the Artist- 70s Songs
3
7-to-1: Billboard Hot 100 #1 Hits of 2010s
4
Sorting Albums and Songs
5
Taylor Swift Logic Puzzle
6
KPOP LOGIC QUIZ
7
One Thing in Common: Music
8
Guess the Taylor Swift song (Mystery Song)
9
2010s Album by Cover III
10
Guess The Taylor Swift Lyrics Song #1
Explore More
Trending Topics
NBA
Harry Potter
Disney
Kpop
Marvel
Crossword
Anime
The Office
Song
WWE
Pokémon
NFL
Puzzle
Country
Soccer
hide this ad
More By:
muzykalscorpio
Quiz
Plays
Rating
Category
Featured
Created
Anime Themes (Music Clips)
2,203
4.14
Television
Jan 16, 2012
Mega Video Game Music Quiz (Sound Clips)
747
4.38
Gaming
Jan 11, 2013
Megadeth Quiz (Music Clips)
663
4.43
Music
Mar 25, 2012
Metallica Quiz (Music Clips)
580
4.83
Music
Jan 25, 2013
Sega Genesis Themes (Music Clips)
570
4.78
Gaming
May 2, 2012
Go to Creator's Profile
Score Distribution
Quiz Creator Spotlight
muzykalscorpio
Follow
Send a Message
Quizzes Created
-
Created Quiz Play Count
-
More By This Creator
Popular Quizzes Today
1
Find the US States - No Outlines Minefield
2
Find the Countries of Europe - No Outlines Minefield
3
The Countries of the World
4
Find the US States
5
Risky Map Clicking: Biggest States A-Z
6
US States
7
Popular People in 1961
8
Movies - When Are They Set?
More Music Quizzes
Click 'The' Bands
Editor's Pick
Trending Quizzes
Risky Map Clicking: Least Populous States A-Z
1-10 Letter G Words
1-10 Letter F Words
Risky Map Clicking: Next State Alphabetically
Risky Map Clicking: Biggest States A-Z
Recently Updated
Leaping Animals
pecheneg
Reality TV Shows (A-Z)
bhenderson79
Rickey Henderson's Hall of Fame Teammates
pecheneg
Champions League XIs: Arsenal
pecheneg
Quick Pick: Celebrities in WWE's Hall of Fame
aduchscher
A-Z Keypad Blitz II
pecheneg
Multiple Oscar Actors
pecheneg
Mystery Phrase Blitz: Oscar 'Best Actors'
pecheneg
F. Scott Fitzgerald Novels
LTH
Pick 3 Villains
ddd62291
Trending Topics
NBA
Marvel
Anime
Kpop
Harry Potter
Disney
Crossword
NFL
Puzzle
Song
WWE
Soccer
Country
The Office
Pokémon
Your Account Isn't Verified!
In order to create a playlist on Sporcle, you need to verify the email address you used during registration. Go to your
Sporcle Settings
to finish the process.
Report this User
Report this user for behavior that violates our
Community Guidelines
.
Details:
Send Report
Go to the Sporcle.com Mobile Site →
Comments